[Event "Mittelfranken Landesliga Sued 2223"]
[Site "Mittelfranken"]
[Date "2022.10.09"]
[Round "1.4"]
[White "Ebenhoech, Daniel"]
[Black "Wiegner, Denis"]
[Result "1/2-1/2"]
[WhiteElo "2019"]
[BlackElo "2135"]
[PlyCount "71"]
[EventDate "2022.10.09"]
[EventType "team-tourn"]
[EventRounds "9"]
[EventCountry "GER"]
[SourceTitle "EXT 2024"]
[Source "ChessBase"]
[SourceDate "2023.10.10"]
[SourceVersion "1"]
[SourceVersionDate "2023.10.10"]
[SourceQuality "1"]
[WhiteTeam "Neuburg"]
[BlackTeam "Kriegshaber"]
[WhiteTeamCountry "GER"]
[BlackTeamCountry "GER"]

1. d4 d5 2. Nf3 Nf6 3. g3 e6 4. Bg2 Be7 5. 0-0 0-0 6. c4 dxc4 7. Qc2 a6 8. a4 Bd7 9. Bg5 Bc6 10. Nbd2 b5 11. e4 Nbd7 12. b3 c3 13. Qxc3 Bxe4 14. Bxf6 Nxf6 15. Nxe4 Nxe4 16. Qc2 f5 17. axb5 axb5 18. Rxa8 Qxa8 19. Nd2 Qd5 20. Nxe4 fxe4 21. Bxe4 Qxd4 22. Bxh7+ Kh8 23. Bd3 c6 24. Qe2 Qf6 25. Qh5+ Qh6 26. Qxh6+ gxh6 27. Kg2 Rd8 28. Be4 c5 29. Rc1 Kg7 30. Bc6 Rb8 31. Bd7 Rb6 32. Kf3 Kf7 33. Ke4 Rb7 34. Bc6 Rb6 35. Bd7 Rb7 36. Bc6 1/2-1/2

[Event "Mittelfranken Landesliga Sued 2122"]
[Site "Mittelfranken"]
[Date "2022.05.29"]
[Round "9.4"]
[White "Bensch, Patrick"]
[Black "Wiegner, Denis"]
[Result "1/2-1/2"]
[WhiteElo "2096"]
[BlackElo "2128"]
[PlyCount "102"]
[EventDate "2021.10.24"]
[EventType "team-tourn"]
[EventRounds "9"]
[EventCountry "GER"]
[SourceTitle "EXT 2024"]
[Source "ChessBase"]
[SourceDate "2023.10.10"]
[SourceVersion "1"]
[SourceVersionDate "2023.10.10"]
[SourceQuality "1"]
[WhiteTeam "Rottal Inn"]
[BlackTeam "Kriegshaber"]
[WhiteTeamCountry "GER"]
[BlackTeamCountry "GER"]

1. e4 e6 2. d4 d5 3. Nc3 Bb4 4. e5 c5 5. a3 Bxc3+ 6. bxc3 Ne7 7. Nf3 Qa5 8. Bd2 Nbc6 9. a4 Bd7 10. Bb5 a6 11. Be2 f6 12. 0-0 0-0-0 13. Qb1 Qc7 14. Qb2 Na5 15. Rfb1 Nec6 16. Qa3 c4 17. Qc5 Be8 18. Bf4 h6 19. Bg3 f5 20. Nd2 g5 21. f4 Qe7 22. Qxe7 Nxe7 23. Rb6 Nec6 24. fxg5 hxg5 25. Nf3 Rg8 26. h4 Kc7 27. Rab1 gxh4 28. Bxh4 Rd7 29. Bf6 Bh5 30. Kf2 Bxf3 31. Bxf3 Rh7 32. R6b2 Nb8 33. Rb6 Nbc6 34. Ke3 Rg6 35. Kf4 Rh2 36. Bg5 Nd8 37. Bf6 Ndc6 38. R6b2 Nb8 39. g4 fxg4 40. Bxg4 Nd7 41. Bxe6 Nxf6 42. exf6 Rxf6+ 43. Ke5 Rff2 44. Bxd5 Re2+ 45. Kf4 Rxc2 46. Rxb7+ Nxb7 47. Rxb7+ Kd6 48. Bxc4 Rxc3 49. Bxa6 Rh4+ 50. Kg5 Rxd4 51. Bb5 Rc5+ 1/2-1/2

[Event "Landesliga Sued 1920"]
[Site "Bayern"]
[Date "2019.11.10"]
[Round "2.3"]
[White "Pieper, Thomas"]
[Black "Wiegner, Denis"]
[Result "1-0"]
[WhiteElo "2241"]
[BlackElo "2113"]
[PlyCount "69"]
[EventDate "2019.09.29"]
[EventType "team-tourn"]
[EventRounds "9"]
[EventCountry "GER"]
[SourceTitle "EXT 2021"]
[Source "ChessBase"]
[SourceDate "2020.10.23"]
[SourceVersion "1"]
[SourceVersionDate "2020.10.23"]
[SourceQuality "1"]
[WhiteTeam "Groebenzell"]
[BlackTeam "Kriegshaber"]
[WhiteTeamCountry "GER"]
[BlackTeamCountry "GER"]

1. e4 e6 2. d4 d5 3. Nc3 Bb4 4. e5 c5 5. a3 Bxc3+ 6. bxc3 Ne7 7. Qg4 0-0 8. Bd3 Qa5 9. Bd2 Nbc6 10. Nf3 f5 11. exf6 Rxf6 12. Qh5 Nf5 13. Ne5 Nxe5 14. dxe5 Rf7 15. c4 Qc7 16. f4 g6 17. Qg4 b6 18. a4 Bb7 19. 0-0 Rd8 20. Rf2 dxc4 21. Bxc4 Bd5 22. Bf1 Be4 23. Bc3 Qc6 24. Bb5 Qb7 25. Rd1 Rxd1+ 26. Qxd1 a6 27. Bf1 Ne3 28. Qd8+ Kg7 29. Bd3 c4 30. Bxe4 Qxe4 31. Qd4 Rxf4 32. Qxe4 Rxe4 33. Re2 b5 34. axb5 axb5 35. Bd2 1-0

[Event "Landesliga Sued 1819"]
[Site "Bayern"]
[Date "2019.04.07"]
[Round "9.5"]
[White "Wiegner, Denis"]
[Black "Hartl, Aldo"]
[Result "1/2-1/2"]
[WhiteElo "2142"]
[BlackElo "2057"]
[PlyCount "137"]
[EventDate "2018.10.21"]
[EventType "team-tourn"]
[EventRounds "9"]
[EventCountry "GER"]
[SourceTitle "EXT 2022"]
[Source "ChessBase"]
[SourceDate "2021.10.06"]
[SourceVersion "1"]
[SourceVersionDate "2021.10.06"]
[SourceQuality "1"]
[WhiteTeam "Kriegshaber SK"]
[BlackTeam "Trostberg TSV"]
[WhiteTeamCountry "GER"]
[BlackTeamCountry "GER"]

1. e4 e5 2. Nf3 Nf6 3. Nxe5 d6 4. Nf3 Nxe4 5. Nc3 Nf6 6. d4 Be7 7. Bg5 Bg4 8. Be2 Nbd7 9. Qd2 a6 10. 0-0-0 h6 11. Be3 c6 12. Kb1 Qa5 13. h3 Be6 14. Bd3 b5 15. d5 cxd5 16. Nxd5 b4 17. Bc4 Rb8 18. Bb3 Nxd5 19. Bxd5 0-0 20. Bf4 Nf6 21. Bb3 Rbc8 22. Nd4 d5 23. Rhe1 Qb6 24. f3 Rfe8 25. Ba4 Red8 26. Qe2 Bd7 27. Bxd7 Rxd7 28. g4 Bf8 29. Nf5 d4 30. Be5 Rcd8 31. h4 g6 32. g5 Nh5 33. Nxh6+ Bxh6 34. gxh6 Rd5 35. Qc4 Qc5 36. Qxc5 Rxc5 37. Rxd4 Re8 38. Rde4 Rd5 39. Kc1 a5 40. Bc7 Rxe4 41. Rxe4 Rc5 42. Bb6 Rb5 43. Bd4 f6 44. Re7 Rf5 45. Bb6 Rb5 46. Bc7 Rf5 47. f4 Nxf4 48. Bxf4 Rxf4 49. Rg7+ Kh8 50. Rxg6 Kh7 51. h5 Rf2 52. a3 bxa3 53. bxa3 a4 54. Kd1 Rf3 55. Kd2 f5 56. Rf6 f4 57. c4 Rxa3 58. Rxf4 Rh3 59. Rf5 a3 60. Ra5 Kxh6 61. Kc2 Kg7 62. Kb1 Kf6 63. Ka2 Ke6 64. h6 Kd7 65. Ra7+ Kc6 66. Rh7 Kc5 67. Rc7+ Kb4 68. Rb7+ Kxc4 69. h7 1/2-1/2

[Event "Landesliga Sued 1819"]
[Site "Bayern"]
[Date "2019.02.03"]
[Round "6.4"]
[White "Vogel, Johannes"]
[Black "Wiegner, Denis"]
[Result "1-0"]
[WhiteElo "2112"]
[BlackElo "2142"]
[PlyCount "145"]
[EventDate "2018.10.21"]
[EventType "team-tourn"]
[EventRounds "9"]
[EventCountry "GER"]
[SourceTitle "EXT 2022"]
[Source "ChessBase"]
[SourceDate "2021.10.06"]
[SourceVersion "1"]
[SourceVersionDate "2021.10.06"]
[SourceQuality "1"]
[WhiteTeam "Haunstetten TSV"]
[BlackTeam "Kriegshaber SK"]
[WhiteTeamCountry "GER"]
[BlackTeamCountry "GER"]

1. d4 e6 2. e4 d5 3. e5 c5 4. c3 Nc6 5. Nf3 Bd7 6. Bd3 cxd4 7. cxd4 Qb6 8. 0-0 Nxd4 9. Nbd2 Ne7 10. Nxd4 Qxd4 11. Nf3 Qa4 12. Qe2 a6 13. Bd2 Nc6 14. b3 Qa3 15. Bc1 Qa5 16. Ng5 h6 17. Qh5 Nxe5 18. Nxf7 Nxf7 19. Bg6 0-0-0 20. Bxf7 Bd6 21. Bb2 Be8 22. Bxe6+ Kb8 23. Qg4 Qc7 24. Qxg7 Bxh2+ 25. Kh1 Rh7 26. Qxc7+ Bxc7 27. Bg8 Rhd7 28. Bf6 Rc8 29. Be6 Rd6 30. Bxc8 Rxf6 31. Bg4 Bb5 32. Rfd1 Rxf2 33. a4 Bc6 34. Bf3 Be5 35. Rab1 d4 36. Bxc6 bxc6 37. Rd3 Kc7 38. Rbd1 c5 39. Rh3 Rf6 40. Kg1 Bf4 41. Rf3 Be3+ 42. Kf1 Rb6 43. Rf7+ Kb8 44. Rd3 Rb4 45. Rg7 Rb6 46. Ke2 Rf6 47. Rd1 Bf4 48. Rf1 Re6+ 49. Kd3 Bc7 50. Rf8+ Kb7 51. Rff7 Rc6 52. Kc4 Kb6 53. a5+ Kb7 54. Rf5 Kc8 55. Rxc5 Rxc5+ 56. Kxc5 d3 57. Rg4 d2 58. Rd4 Bf4 59. Kc4 Kc7 60. Rd3 Kc6 61. b4 Bg5 62. g3 Be3 63. Kb3 Kb5 64. Rd5+ Kc6 65. Rd8 Bg5 66. Rd3 Kb5 67. Rd5+ Kc6 68. Rc5+ Kd6 69. Kc2 Be3 70. Rc8 Kd7 71. Ra8 Kc6 72. Rxa6+ Kb5 73. Re6 1-0

[Event "Landesliga Sued 1718"]
[Site "Bayern"]
[Date "2018.04.15"]
[Round "9.5"]
[White "Grawe, Christian"]
[Black "Wiegner, Denis"]
[Result "1/2-1/2"]
[WhiteElo "2214"]
[BlackElo "2156"]
[PlyCount "102"]
[EventDate "2017.10.22"]
[EventType "team-tourn"]
[EventRounds "9"]
[EventCountry "GER"]
[SourceTitle "EXT 2022"]
[Source "ChessBase"]
[SourceDate "2021.10.06"]
[SourceVersion "1"]
[SourceVersionDate "2021.10.06"]
[SourceQuality "1"]
[WhiteTeam "Groebenzell"]
[BlackTeam "Kriegshaber SK"]
[WhiteTeamCountry "GER"]
[BlackTeamCountry "GER"]

1. e4 e6 2. d4 d5 3. Nc3 Nf6 4. e5 Nfd7 5. f4 c5 6. Nf3 Nc6 7. Be3 Be7 8. Qd2 0-0 9. dxc5 Nxc5 10. 0-0-0 a6 11. Qf2 Qa5 12. Kb1 Bd7 13. h4 Rac8 14. h5 Nb4 15. a3 Nxc2 16. Qxc2 Ne4 17. Bd2 Bxa3 18. Nxe4 Rxc2 19. Bxa5 Rxb2+ 20. Ka1 Rc8 21. Nc3 Rc5 22. Rb1 Rxb1+ 23. Nxb1 Rxa5 24. Nxa3 Rxa3+ 25. Kb2 Ra4 26. g3 Re4 27. Nd2 Re3 28. Rh3 d4 29. g4 Bb5 30. Rxe3 dxe3 31. Bxb5 exd2 32. Be2 Kf8 33. Kc3 Ke7 34. Kxd2 Kd7 35. Kc3 Kc6 36. Bf3+ Kb6 37. Kb4 a5+ 38. Ka4 Kc5 39. Bxb7 Kd4 40. Kxa5 g6 41. hxg6 hxg6 42. Kb6 Ke3 43. Kc5 Kxf4 44. Kd6 Kxg4 45. Be4 g5 46. Bg6 fxg6 47. Kxe6 Kf3 48. Kf6 g4 49. e6 g3 50. e7 g2 51. e8Q g1Q 1/2-1/2

[Event "Landesliga Sued 1718"]
[Site "Bayern"]
[Date "2018.01.21"]
[Round "5.5"]
[White "Behling, Robert"]
[Black "Wiegner, Denis"]
[Result "1/2-1/2"]
[WhiteElo "2143"]
[BlackElo "2156"]
[PlyCount "83"]
[EventDate "2017.10.22"]
[EventType "team-tourn"]
[EventRounds "9"]
[EventCountry "GER"]
[SourceTitle "EXT 2022"]
[Source "ChessBase"]
[SourceDate "2021.10.06"]
[SourceVersion "1"]
[SourceVersionDate "2021.10.06"]
[SourceQuality "1"]
[WhiteTeam "Haunstetten TSV"]
[BlackTeam "Kriegshaber SK"]
[WhiteTeamCountry "GER"]
[BlackTeamCountry "GER"]

1. c4 e6 2. Nf3 d5 3. g3 Nf6 4. Bg2 Be7 5. 0-0 0-0 6. d4 dxc4 7. Qc2 a6 8. Qxc4 b5 9. Qc2 Bb7 10. Bd2 Be4 11. Qc1 Nbd7 12. Ba5 Ra7 13. Nbd2 Ba8 14. Qc2 Nb8 15. Nb3 Nc6 16. Bd2 Nb4 17. Bxb4 Bxb4 18. Ne5 Bd6 19. Bxa8 Rxa8 20. Nc6 Qe8 21. e4 e5 22. d5 Nd7 23. a4 bxa4 24. Rxa4 Nb6 25. Raa1 f5 26. f3 Qg6 27. Qe2 h5 28. Kh1 Rf7 29. Nd2 Raf8 30. b4 h4 31. g4 fxe4 32. fxe4 Rf4 33. h3 Rxf1+ 34. Rxf1 Rxf1+ 35. Qxf1 Qg5 36. Qf2 Nc4 37. Nxc4 Qc1+ 38. Kh2 Qxc4 39. Qxh4 Qxe4 40. Qd8+ Kh7 41. Qh4+ Kg8 42. Qd8+ 1/2-1/2

[Event "Landesliga Sued 1718"]
[Site "Bayern"]
[Date "2017.11.26"]
[Round "3.4"]
[White "Sargin, Anatol"]
[Black "Wiegner, Denis"]
[Result "1/2-1/2"]
[WhiteElo "2106"]
[BlackElo "2156"]
[PlyCount "54"]
[EventDate "2017.10.22"]
[EventType "team-tourn"]
[EventRounds "9"]
[EventCountry "GER"]
[SourceTitle "EXT 2022"]
[Source "ChessBase"]
[SourceDate "2021.10.06"]
[SourceVersion "1"]
[SourceVersionDate "2021.10.06"]
[SourceQuality "1"]
[WhiteTeam "Unterhaching"]
[BlackTeam "Kriegshaber SK"]
[WhiteTeamCountry "GER"]
[BlackTeamCountry "GER"]

1. e4 e6 2. d4 d5 3. exd5 exd5 4. Bd3 c5 5. Nf3 c4 6. Be2 Nc6 7. b3 cxb3 8. axb3 Nf6 9. 0-0 Be7 10. c4 0-0 11. Nc3 Bg4 12. Be3 Rc8 13. Ne5 Bxe2 14. Qxe2 a6 15. Nxc6 Rxc6 16. c5 Re8 17. Qf3 h6 18. b4 Qd7 19. Rfe1 Bd8 20. h3 Ne4 21. Bf4 Rce6 22. Re2 Bf6 23. Rae1 Nxc3 24. Rxe6 Rxe6 25. Rxe6 fxe6 26. Qxc3 Qa4 27. Kh2 Kf7 1/2-1/2

[Event "Regionalliga SW 1617"]
[Site "Bayern"]
[Date "2017.02.05"]
[Round "5.1"]
[White "Haizmann, Thomas"]
[Black "Wiegner, Denis"]
[Result "0-1"]
[WhiteElo "2122"]
[BlackElo "2166"]
[PlyCount "76"]
[EventDate "2016.10.16"]
[EventType "team-tourn"]
[EventRounds "9"]
[EventCountry "GER"]
[SourceTitle "EXT 2019"]
[Source "ChessBase"]
[SourceDate "2018.10.10"]
[SourceVersion "1"]
[SourceVersionDate "2018.10.10"]
[SourceQuality "1"]
[WhiteTeam "Muenchen 36 II"]
[BlackTeam "Garching III"]
[WhiteTeamCountry "GER"]
[BlackTeamCountry "GER"]

1. d4 d5 2. c4 c6 3. Nf3 Nf6 4. Nc3 a6 5. e3 b5 6. b3 Bg4 7. h3 Bh5 8. Be2 e6 9. 0-0 Nbd7 10. Bd2 Bd6 11. Re1 0-0 12. Nh2 Bg6 13. Nf1 b4 14. Na4 a5 15. Rc1 Rc8 16. c5 Bc7 17. f4 Ne4 18. Ba6 Rb8 19. Re2 f6 20. g4 e5 21. f5 Bf7 22. Be1 exd4 23. exd4 Bf4 24. Rcc2 Qc7 25. Bd3 Rbe8 26. Kg2 g6 27. fxg6 Bxg6 28. Bf2 f5 29. Bxe4 fxe4 30. Be3 h5 31. Rf2 Bxe3 32. Rxf8+ Rxf8 33. Nxe3 Rf3 34. Qe1 Qf4 35. Re2 Nf6 36. Qh4 Kg7 37. Nd1 e3 38. Nb6 Be4 0-1

[Event "Regionalliga SW 1617"]
[Site "Bayern"]
[Date "2016.10.16"]
[Round "1.1"]
[White "Wiegner, Denis"]
[Black "Motl, Martin"]
[Result "0-1"]
[WhiteElo "2166"]
[BlackElo "2174"]
[PlyCount "56"]
[EventDate "2016.10.16"]
[EventType "team-tourn"]
[EventRounds "9"]
[EventCountry "GER"]
[SourceTitle "EXT 2019"]
[Source "ChessBase"]
[SourceDate "2018.10.10"]
[SourceVersion "1"]
[SourceVersionDate "2018.10.10"]
[SourceQuality "1"]
[WhiteTeam "Garching III"]
[BlackTeam "MSA Zugzwang II"]
[WhiteTeamCountry "GER"]
[BlackTeamCountry "GER"]

1. e4 c5 2. Nf3 d6 3. d4 cxd4 4. Nxd4 Nf6 5. Nc3 a6 6. Be3 e6 7. f3 Nbd7 8. Qd2 Qc7 9. 0-0-0 b5 10. g4 h6 11. h4 b4 12. Na4 Ne5 13. b3 d5 14. Bh3 dxe4 15. g5 Nd5 16. fxe4 Nxe3 17. Qxe3 hxg5 18. hxg5 g6 19. Kb1 Bg7 20. Qd2 Bd7 21. Qxb4 Rc8 22. Nb2 a5 23. Qd2 0-0 24. Qh2 Rfd8 25. c4 a4 26. Rdf1 Qb6 27. Nb5 Bxb5 28. cxb5 a3 0-1

[Event "Regionalliga SW 1516"]
[Site "Bayern"]
[Date "2016.02.21"]
[Round "7.1"]
[White "Moufang, Rainer"]
[Black "Wiegner, Denis"]
[Result "0-1"]
[WhiteElo "2288"]
[BlackElo "2178"]
[PlyCount "91"]
[EventDate "2015.10.11"]
[EventType "team-tourn"]
[EventRounds "9"]
[EventCountry "GER"]
[SourceTitle "EXT 2018"]
[Source "ChessBase"]
[SourceDate "2017.10.13"]
[SourceVersion "1"]
[SourceVersionDate "2017.10.13"]
[SourceQuality "1"]
[WhiteTeam "Haar"]
[BlackTeam "Garching III"]
[WhiteTeamCountry "GER"]
[BlackTeamCountry "GER"]

1. d4 d5 2. Nf3 Nf6 3. e3 Bf5 4. c4 c6 5. Nc3 a6 6. Qb3 Ra7 7. cxd5 cxd5 8. Be2 e6 9. Ne5 Nfd7 10. Qa4 Be7 11. g4 Bg6 12. Bb5 axb5 13. Qxa7 Nxe5 14. dxe5 0-0 15. Qxb7 b4 16. Nb5 Nd7 17. Nd4 Nxe5 18. Nc6 Nxc6 19. Qxc6 Qb8 20. Bd2 Bf6 21. Rc1 Bxb2 22. Rc5 Bd3 23. Qa4 Ba3 24. Bc1 Bc4 25. Kd2 Qe5 26. Qc2 b3 27. axb3 Bb4+ 28. Kd1 Bxb3 29. Qxb3 Bxc5 30. Ke2 Rb8 31. Qc2 d4 32. f4 Qd5 33. e4 Qd6 34. Rf1 Qa6+ 35. Qd3 Qa2+ 36. Qd2 Qa4 37. Rf3 f6 38. Rd3 Qc6 39. Kf3 f5 40. Qe2 Rb1 41. gxf5 Rxc1 42. Rb3 exf5 43. Rb8+ Kf7 44. Qa2+ Kf6 45. Kg3 Qxe4 46. Qa6+ 0-1

[Event "Regionalliga SW 1516"]
[Site "Bayern"]
[Date "2015.12.13"]
[Round "4.2"]
[White "Safyanovsky, Mark"]
[Black "Wiegner, Denis"]
[Result "1/2-1/2"]
[WhiteElo "2156"]
[BlackElo "2178"]
[PlyCount "29"]
[EventDate "2015.10.11"]
[EventType "team-tourn"]
[EventRounds "9"]
[EventCountry "GER"]
[SourceTitle "EXT 2018"]
[Source "ChessBase"]
[SourceDate "2017.10.13"]
[SourceVersion "1"]
[SourceVersionDate "2017.10.13"]
[SourceQuality "1"]
[WhiteTeam "Haunstetten"]
[BlackTeam "Garching III"]
[WhiteTeamCountry "GER"]
[BlackTeamCountry "GER"]

1. Nf3 d5 2. g3 Nf6 3. Bg2 e6 4. c4 Be7 5. 0-0 0-0 6. b3 c5 7. cxd5 Nxd5 8. Bb2 Nc6 9. Nc3 Bf6 10. Qc1 b6 11. Nxd5 exd5 12. d4 Nxd4 13. Nxd4 cxd4 14. Qd2 Ba6 15. Bxd4 1/2-1/2

[Event "Regionalliga SW 1516"]
[Site "Bayern"]
[Date "2015.11.15"]
[Round "3.3"]
[White "Wiegner, Denis"]
[Black "Dirr, Ulrich"]
[Result "0-1"]
[WhiteElo "2178"]
[BlackElo "2197"]
[PlyCount "78"]
[EventDate "2015.10.11"]
[EventType "team-tourn"]
[EventRounds "9"]
[EventCountry "GER"]
[SourceTitle "EXT 2018"]
[Source "ChessBase"]
[SourceDate "2017.10.13"]
[SourceVersion "1"]
[SourceVersionDate "2017.10.13"]
[SourceQuality "1"]
[WhiteTeam "Garching III"]
[BlackTeam "MSA Zugzwang II"]
[WhiteTeamCountry "GER"]
[BlackTeamCountry "GER"]

1. d4 f5 2. Bg5 g6 3. e3 Nh6 4. Bc4 d5 5. Bd3 Nf7 6. Bf4 Bg7 7. Nf3 c5 8. c4 cxd4 9. exd4 0-0 10. Nc3 e6 11. Qd2 Nc6 12. cxd5 exd5 13. 0-0 h6 14. h4 Kh7 15. Bc2 Nd6 16. Bb3 Ne4 17. Qe3 Be6 18. Rac1 Rc8 19. Nb5 Re8 20. Ne5 Qb6 21. f3 Qxb5 22. fxe4 fxe4 23. Qg3 Bf5 24. Nxc6 Rxc6 25. Be3 Rec8 26. Rcd1 Rf8 27. Rd2 Rcf6 28. Rdf2 R6f7 29. h5 gxh5 30. Rc1 Be6 31. Rc7 Qb6 32. Rc5 Qd8 33. Rxf7 Rxf7 34. a4 h4 35. Qe1 Bf8 36. Rc2 h3 37. gxh3 Bxh3 38. Rf2 Rg7+ 39. Kh1 Qh4 0-1

[Event "Regionalliga SW 1415"]
[Site "Bayern"]
[Date "2015.03.15"]
[Round "8.6"]
[White "Tibitanzl, Thomas"]
[Black "Wiegner, Denis"]
[Result "1/2-1/2"]
[WhiteElo "2004"]
[BlackElo "2178"]
[PlyCount "66"]
[EventDate "2014.10.19"]
[EventType "team-tourn"]
[EventRounds "9"]
[EventCountry "GER"]
[SourceTitle "EXT 2018"]
[Source "ChessBase"]
[SourceDate "2017.10.13"]
[SourceVersion "1"]
[SourceVersionDate "2017.10.13"]
[SourceQuality "1"]
[WhiteTeam "MSA Zugzwang II"]
[BlackTeam "Garching II"]
[WhiteTeamCountry "GER"]
[BlackTeamCountry "GER"]

1. d4 f5 2. Nc3 Nf6 3. f3 d5 4. e4 fxe4 5. fxe4 Bg4 6. Be2 Bxe2 7. Qxe2 dxe4 8. Be3 Qd7 9. Nh3 Nc6 10. Rd1 e6 11. a3 Bd6 12. 0-0 0-0 13. Ng5 Nd5 14. Ncxe4 Bf4 15. Bxf4 Nxf4 16. Qg4 Nd5 17. c4 Nb6 18. d5 exd5 19. Qxd7 Nxd7 20. cxd5 Nce5 21. Rc1 c6 22. dxc6 Nxc6 23. Nd6 Nd4 24. Rf2 h6 25. Rc7 Ne5 26. Nge4 b6 27. Rd2 Nf5 28. Nxf5 Rxf5 29. h3 Rf7 30. Rdc2 Rd8 31. Rxf7 Kxf7 32. Rc7+ Rd7 33. Rxd7+ Nxd7 1/2-1/2

[Event "Regionalliga SW 1415"]
[Site "Bayern"]
[Date "2015.01.18"]
[Round "5.5"]
[White "Stanzl, Matthias"]
[Black "Wiegner, Denis"]
[Result "0-1"]
[WhiteElo "1962"]
[BlackElo "2178"]
[PlyCount "82"]
[EventDate "2014.10.19"]
[EventType "team-tourn"]
[EventRounds "9"]
[EventCountry "GER"]
[SourceTitle "EXT 2018"]
[Source "ChessBase"]
[SourceDate "2017.10.13"]
[SourceVersion "1"]
[SourceVersionDate "2017.10.13"]
[SourceQuality "1"]
[WhiteTeam "Mering"]
[BlackTeam "Garching II"]
[WhiteTeamCountry "GER"]
[BlackTeamCountry "GER"]

1. d4 f5 2. Bg5 g6 3. e3 Bg7 4. Bd3 Nf6 5. h4 0-0 6. Nc3 d5 7. Qe2 Be6 8. Nh3 Nh5 9. Nf4 Nxf4 10. Bxf4 c5 11. dxc5 Qa5 12. 0-0 Bf7 13. Rab1 Qxc5 14. Rfd1 e5 15. Bg3 Nc6 16. Bb5 a6 17. Bxc6 Qxc6 18. Qd2 Rad8 19. Ne2 d4 20. f3 Bxa2 21. Ra1 Bh6 22. f4 Bd5 23. exd4 Bxg2 24. Qc3 Qxc3 25. Nxc3 exd4 26. Kxg2 dxc3 27. bxc3 Rxd1 28. Rxd1 Rc8 29. Rd7 b5 30. Ra7 Rc6 31. Ra8+ Bf8 32. Be1 Kf7 33. Bf2 Bd6 34. Ra7+ Ke6 35. Bd4 Bxf4 36. Rxh7 Be5 37. h5 Bxd4 38. cxd4 Rxc2+ 39. Kf3 gxh5 40. Rh6+ Kd5 41. Rxa6 Kxd4 0-1

[Event "Regionalliga SW 1415"]
[Site "Bayern"]
[Date "2014.11.23"]
[Round "3.5"]
[White "Wiegner, Denis"]
[Black "Jussupow, Nadejda"]
[Result "1/2-1/2"]
[WhiteElo "2178"]
[BlackElo "2134"]
[PlyCount "104"]
[EventDate "2014.10.19"]
[EventType "team-tourn"]
[EventRounds "9"]
[EventCountry "GER"]
[SourceTitle "EXT 2018"]
[Source "ChessBase"]
[SourceDate "2017.10.13"]
[SourceVersion "1"]
[SourceVersionDate "2017.10.13"]
[SourceQuality "1"]
[WhiteTeam "Garching II"]
[BlackTeam "Krumbach"]
[WhiteTeamCountry "GER"]
[BlackTeamCountry "GER"]

1. e4 e6 2. d4 d5 3. Nc3 Nc6 4. Nf3 Nf6 5. Bg5 Bb4 6. e5 h6 7. Bh4 g5 8. Nxg5 Ne4 9. Nf3 Nxc3 10. bxc3 Bxc3+ 11. Ke2 Qd7 12. Rb1 b6 13. Qd3 Bb4 14. Bf6 a5 15. Qe3 Ba6+ 16. Kd1 Bxf1 17. Rxf1 Rg8 18. Qxh6 Be7 19. c3 0-0-0 20. g3 Rg6 21. Qf4 Rdg8 22. h3 Bxf6 23. exf6 Na7 24. Ne5 Qa4+ 25. Kd2 Qxa2+ 26. Ke3 Rg5 27. g4 Qc2 28. Rfc1 Qh7 29. h4 Qxh4 30. Rh1 Rxe5+ 31. Qxe5 Qxg4 32. Rbg1 Qxg1 33. Rxg1 Rxg1 34. Qh2 Rg5 35. Qh8+ Kb7 36. Qg7 Rf5 37. Qxf7 e5 38. Qxd5+ Nc6 39. Qe6 exd4+ 40. cxd4 Rf3+ 41. Kd2 Rxf2+ 42. Ke1 Rf4 43. d5 Nd8 44. Qd7 Rxf6 45. Qxd8 Rd6 46. Qg5 Ka7 47. Qe5 Kb7 48. Kd2 Rh6 49. Kc3 Rd6 50. Kc4 Rh6 51. Qg7 Rd6 52. Qe5 Rh6 1/2-1/2

[Event "Regionalliga SW 1314"]
[Site "Bayern"]
[Date "2014.03.16"]
[Round "8.8"]
[White "Schmidt, Walter1111"]
[Black "Wiegner, Denis"]
[Result "0-1"]
[WhiteElo "1880"]
[BlackElo "2126"]
[PlyCount "38"]
[EventDate "2013.10.13"]
[EventType "team-tourn"]
[EventRounds "9"]
[EventCountry "GER"]
[SourceTitle "EXT 2015"]
[Source "ChessBase"]
[SourceDate "2014.11.20"]
[SourceVersion "1"]
[SourceVersionDate "2014.11.20"]
[SourceQuality "1"]
[WhiteTeam "Haar"]
[BlackTeam "Garching II"]
[WhiteTeamCountry "GER"]
[BlackTeamCountry "GER"]

1. e4 e6 2. d4 d5 3. e5 c5 4. c3 Nc6 5. Nf3 Qb6 6. a3 Nh6 7. b4 cxd4 8. cxd4 Nf5 9. Be3 Bd7 10. Nc3 Nxb4 11. axb4 Nxe3 12. fxe3 Bxb4 13. Rc1 Rc8 14. Qb3 Qa5 15. Kd2 0-0 16. Ne1 Rxc3 17. Rxc3 Rc8 18. Nd3 Rxc3 19. Qb2 Rb3+ 0-1

[Event "Regionalliga SW 1314"]
[Site "Bayern"]
[Date "2013.10.13"]
[Round "1.5"]
[White "Tibitanzl, Thomas"]
[Black "Wiegner, Denis"]
[Result "0-1"]
[WhiteElo "1979"]
[BlackElo "2126"]
[PlyCount "84"]
[EventDate "2013.10.13"]
[EventType "team-tourn"]
[EventRounds "9"]
[EventCountry "GER"]
[SourceTitle "EXT 2015"]
[Source "ChessBase"]
[SourceDate "2014.11.20"]
[SourceVersion "1"]
[SourceVersionDate "2014.11.20"]
[SourceQuality "1"]
[WhiteTeam "MSA Zugzwang II"]
[BlackTeam "Garching II"]
[WhiteTeamCountry "GER"]
[BlackTeamCountry "GER"]

1. d4 d5 2. Nf3 Nf6 3. Bf4 e6 4. e3 Be7 5. Nbd2 0-0 6. Bd3 c5 7. c3 b6 8. Ne5 Bb7 9. 0-0 Ne4 10. h3 Nd7 11. Ndf3 f6 12. Nxd7 Qxd7 13. a4 a6 14. Qe2 Rfc8 15. Rfd1 c4 16. Bc2 b5 17. Nd2 Bc6 18. axb5 axb5 19. f3 Nxd2 20. Qxd2 Qb7 21. Qe1 b4 22. Rxa8 Rxa8 23. Ra1 b3 24. Rxa8+ Qxa8 25. Bb1 g6 26. e4 Qa1 27. Qc1 e5 28. exd5 exf4 29. dxc6 Bd6 30. Kh2 Kf8 31. h4 f5 32. Kh3 Kf7 33. Kh2 Kf6 34. Kh3 Qa6 35. d5 Qb6 36. Qe1 Qe3 37. Qf1 Be5 38. Kh2 Qc5 39. Qg1 Qxg1+ 40. Kxg1 Ke7 41. h5 Kd6 42. hxg6 hxg6 0-1

[Event "Regionalliga SW 1213"]
[Site "Bayern"]
[Date "2013.02.03"]
[Round "6.5"]
[White "Lux, Werner"]
[Black "Wiegner, Denis"]
[Result "1/2-1/2"]
[WhiteElo "2017"]
[BlackElo "2121"]
[PlyCount "72"]
[EventDate "2012.10.14"]
[EventType "team-tourn"]
[EventRounds "9"]
[EventCountry "GER"]
[SourceTitle "EXT 2015"]
[Source "ChessBase"]
[SourceDate "2014.11.20"]
[SourceVersion "1"]
[SourceVersionDate "2014.11.20"]
[SourceQuality "1"]
[WhiteTeam "Tuerkheim/Bad Woerishofen"]
[BlackTeam "Garching II"]
[WhiteTeamCountry "GER"]
[BlackTeamCountry "GER"]

1. e4 e6 2. d3 d5 3. Nd2 Nf6 4. g3 b6 5. Bg2 Bb7 6. e5 Nfd7 7. f4 c5 8. Nh3 Be7 9. Qg4 g5 10. Nxg5 Bxg5 11. fxg5 Nxe5 12. Qf4 Ng6 13. Qg4 Nc6 14. Nf3 Qd7 15. Bd2 0-0-0 16. 0-0-0 d4 17. Rhf1 Nce7 18. Rde1 Bd5 19. Kb1 Nf5 20. Qh3 c4 21. dxc4 Bxc4 22. Rf2 Ne3 23. b3 Nxg2 24. Qxg2 Bd5 25. Qf1 Bb7 26. Ng1 d3 27. c4 Rhf8 28. Bb4 Ne7 29. Rxf7 d2 30. Rd1 Qd4 31. a4 Be4+ 32. Ka2 Rxf7 33. Qxf7 Qd3 34. Qxe6+ Rd7 35. Rxd2 Qb1+ 36. Ka3 Qa1+ 1/2-1/2